00694nam a2200229Ia 4500003000900000008004100009020001800050040001600068080001500084100001600099245011100115260002900226300001700255490004800272650002200320650002800342650002200370650002200392650001600414700001500430700001900445IN-BaIIA211028s9999 xx 000 0 eng d a0-387-98756-8 cIIA Library a530.1bCAS aCassidy, D. 0aUnderstanding physicscD. Cassidy, H. Gerald and J. Rutherford  aNew YorkbSpringerc2003 axxiii, 851p. aUndergraduate Texts in Contemporary Physics aMatter and Motion aNewton's Unified Theory aQuantum Mechanics aRelativity Theory aWave Motion aGerald, H. aRutherford, J.